| 000 | 00783nam a2200217Ii 4500 | ||
|---|---|---|---|
| 003 | JO-AjNU | ||
| 008 | 230605s9999||||xx |||||||||||||| ||und|| | ||
| 017 | _a2007/6/1949 | ||
| 040 |
_aJO-AjNU _bara _erda _cJO-AjNU |
||
| 041 | _aara | ||
| 050 | 1 | 4 | _aTX165.T3424 2007 |
| 100 | 3 |
_aطلافحة، بركات عبدالله , _eauthor _922084 |
|
| 245 | 0 | 0 | _aالتربية الغذائية السليمة واصول انقاص الوزن ومكافحة البدانة |
| 250 | _aط1 | ||
| 264 | 3 | 1 | _aعمان: وزارة البحث العلمي، 1985 |
| 300 |
_a160ص _bصور توضيحية |
||
| 336 |
_atext _btxt _2rdacontent |
||
| 337 |
_aunmediated _bn _2rdamedia |
||
| 338 |
_avolume _bnc _2rdacarrier |
||
| 650 | 4 |
_aفرط الوزن-الحمية الغذائية _922085 |
|
| 999 |
_aA7782 _c11350 _d11350 |
||